000 00676nam a2200193Ia 4500
003 IN-BaIIA
008 211028s9999 xx 000 0 eng d
020 _a0-07-008009-7
040 _cIIA Library
080 _a517.91
_bBRO
100 _aBronson, Richard
_911661
245 0 _aTheory and problems of modern introductory differential equations
_bwith laplace transforms matrix methods numerical methods eigenvalue problems
_cRichard Bronson
260 _aNew York
_bMcGraw-Hill
_c1973
300 _a306p.
650 _aDifferential equations
_91510
650 _aIntegral equations
_91635
650 _aNASA Thesaurus
942 _cBK
999 _c6808
_d6808